00540pab a2200157 454500008004000000100003600040245005600076260000900132300001300141362001300154650001800167773006200185909001100247999001900258952010500277180718b2014 xxu||||| |||| 00| 0 eng d aAlam Quddusi, Kazi S.M. Khasrul aEvolution of globlization: a chronological analysis c2014 ap.39-54. aJan- Mar aGlobalization aIASSI Quarterly - Contributions to Indian Social science a108754 c108749d108749 00104070aIIPAbIIPAd2018-07-19hVolume no: 33, Issue no: 1pAR109214r2018-07-19w2018-07-19yAR